000 004420000a22001690004500
003 MACL
005 20160108150222.0
008 160108b xxu||||| |||| 00| 0 eng d
040 _aMACL
_cMACL
041 _aEnglish
082 _a920/KUM
100 _aKumarappa, Bharatan
_929873
245 _aGandhijis Autobiography
260 _bNavajivan Publishing House
_c1952
_aAhmedabad
650 _aAutobiography
_929874
942 _cBK
_k920/KUM
_2ddc
999 _c35602
_d35602